The Walking Dead Season 2 Part 1 Special Quiz Stats

 Plays Quiz not verified by Sporcle

Score 0/20 Timer 05:00
0 Plays Today
Question Answer % Correct
Trying to track Sophia, who helps Daryl kill and perform a gruesome autopsy on a walker?Rick
96.2%
Who among Rick's group fired on the walkers who were freed from the barn?Andrea, Daryl, T-Dog, Glenn and Shane
94.4%
The man who accidentally shoots Carl is named:Otis
94.1%
Before his accident, Daryl finds this item of Sophia's at the side of a river:her doll
91.6%
Who was the most vocal opponent of Carl learning how to shoot a gun?Lori
91.6%
Hershel insists that after they found Sophia the group should:leave the farm
90.8%
Who finds the water-logged walker in the well?Dale
90.8%
'Don't be too hard on yourself. We've all wanted to shoot Daryl.' Who says this?Dale
90.8%
This person was the source of the Chupacabra myth:Daryl
90.1%
The episode begins with a flashback of Lori at a:school
89.1%
Question Answer % Correct
In the pharmacy, Glenn receives an offer for:sex
87.8%
What are fed to the walkers kept in the barn?chickens
86.8%
While the group was stopped when the RV broke down, Andrea kills a walker with: a screwdriver
83.7%
In the short lucid moment before he suffers a seizure, Carl tells his mother about:a deer
82.7%
Among the walkers in the barn are Hershel's wife and:stepson
77.4%
Who tells Shane that his thinking Sophia was dead was bullsh!t?Carl
72.3%
The medical supplies Shane goes to retrieve are located in a/n:high school
70.7%
Daryl and Andrea come across a walker who had tried to:hang himself
68.2%
After leaving Atlanta, Rick's stated destination is: Fort Benning
65.4%
In the pharmacy, Glenn partially beheads a walker with a:shelf
59%

You're not logged in!

Compare scores with friends on all Sporcle quizzes.
OR
Log In

Show Comments

Extras

Top Quizzes Today


Score Distribution

Your Account Isn't Verified!

In order to create a playlist on Sporcle, you need to verify the email address you used during registration. Go to your Sporcle Settings to finish the process.

Report this User

Report this user for behavior that violates our Community Guidelines.

Details: